| 000 | 01102cam a2200337 a 4500 | ||
|---|---|---|---|
| 001 | 4606 | ||
| 003 | FISKH | ||
| 005 | 20240918094156.0 | ||
| 008 | 090616s2010 nyua a 000 1 eng | ||
| 010 | _a 2009021136 | ||
| 020 | _a9780448453453 (pbk.) | ||
| 040 |
_aDLC _cDLC _dDLC _beng |
||
| 050 | _aPZ7.G13813 | ||
| 082 | _a813.6 | ||
| 100 | 1 | _aGallo, Lisa. | |
| 245 | 1 | 2 |
_aA picnic adventure / _cby Lisa Gallo ; illustrated by Laura Thomas. |
| 260 |
_aNew York : _bPenguin Young Readers, _c2010. |
||
| 300 |
_a32 pages : _bcolor illustrations ; _c23 cm |
||
| 490 | 0 | _aAll aboard reading. Station stop 1, beginning to read | |
| 500 | _a"Strawberry Shortcake"--Cover. | ||
| 505 | _aE | ||
| 520 | _aStrawberry and her friends lose their map while on a hike and must find their way home without it. | ||
| 521 | 8 |
_a210
_bLexile |
|
| 521 | 8 |
_aE
_bRaz-Plus |
|
| 650 | 1 |
_aHiking _vFiction. |
|
| 650 | 1 |
_aPicnics _vFiction. |
|
| 700 | 1 |
_aThomas, Laura _q(Laura Dianna), _eillustrator |
|
| 906 |
_a7 _bcbc _corignew _d1 _eecip _f20 _gy-gencatlg |
||
| 942 |
_2ddc _cBK _n0 |
||
| 999 |
_c4606 _d4606 |
||